| 000 | 00558 a2200205 4500 | ||
|---|---|---|---|
| 003 | Nust | ||
| 005 | 20170207154024.0 | ||
| 010 | _a 2003054008 | ||
| 020 | _a0-07-141741-9 | ||
| 035 | _a(DLC) 2003054008 | ||
| 040 | _cNust | ||
| 082 | 0 | 0 | _a629.8/92 |
| 100 | 1 | _aWilliams, Douglas H., | |
| 245 | 1 | 0 |
_aPDA robotics : _busing your personal digital assistant to control your robot (E-Book) _cDouglas H. Williams. |
| 260 |
_aNew York : _bMcGraw-Hill, _c2003. |
||
| 300 | _ap. cm. | ||
| 650 | 0 | _aDigital control systems. | |
| 650 | 0 | _aRobotics. | |
| 651 | _aE-Book | ||
| 942 |
_2ddc _cBK |
||
| 999 |
_c191827 _d191827 |
||